Culture Générale - Série 2630 - Statistiques

Statistiques générales
  • Ce quiz a été pris 121 fois
  • Le résultat moyen est 6 sur 10
Statistiques - réponses
Question Réponse % Correct
Quel est l'os le plus long du corps humain ? fémur
89%
Dans quel organe se trouvent l'étrier, le marteau et l'enclume, les trois plus petits os du corps humain ? oreille
86%
Dans quel pays africain se trouve la ville de Lagos ? Nigeria
76%
Sur quel tableau célèbre de Picasso peut-on voir un cheval et un taureau ? Guernica
74%
Quelle équipe africaine a battu les Bleus lors du match d'ouverture de la Coupe du monde de football en 2002 ? Sénégal
64%
Quel est le muscle le plus robuste du corps humain ? langue
50%
Qui a chanté (1946-2016) "Quand j'étais chanteur " dans les années 1970 ? prénom et nom Michel Delpech
41%
Dans l'Antiquité, quel oiseau était l'emblème d'Athènes ? chouette
32%
Dans le kendo moderne, en quelle matière est le sabre des pratiquants ? bambou
23%
Quelle plante originaire du Pérou et de Bolivie appelé blé des Incas est cultivée en Anjou, en Poitou ou plus récemment en Mayenne ? quinoa
19%
Aucun quiz correspondant
Distribution des résultats
% des personnes avec chaque résultat
Percentile par nombre de réponses
Votre historique - résultats
Vous n’avez pas pris ce quiz